| 000 | 00388nam a22001457a 4500 | ||
|---|---|---|---|
| 005 | 20200610111457.0 | ||
| 008 | 200610b xxu||||| |||| 00| 0 eng d | ||
| 082 | _a345.4 AIR | ||
| 110 |
_aALL INDIA REPORTER _95902 |
||
| 245 | _aALL INDIA REPORTER, 1961 (VOL-48) MADHYA PRADESH | ||
| 260 |
_aBOMBAY _bALL INDIA REPORTER, PVT LTD. |
||
| 300 | _a56;p | ||
| 650 |
_aLAW _95701 |
||
| 942 | _cJRL | ||
| 999 |
_c6964 _d6962 |
||